Všestraným využívaním vedeckotechnického pokroku podporujeme rozvoj efektívnej intenzifikácie poľnohospodárskej veľkovýroby Zo správy o činnosti a ďaších úlohách Zväzu družstevných roľníkov, ktorú predniesol súdruh Pavol Jonáš na 10. celoštátnom zjazde JRD

Bibliographic Details
Main Authors: Jonáš, Pavol (Author), Jonás, Pavel (Author)
Format: Article
Language:Slovak
PhysicalDescription:Obr. 1.
Subjects:

MARC

LEADER 00000nab a2200000 a 4500
001 vtls000201374
003 SK-MaSNL
005 20260302201433.0
008 111130c1984 xo 0 slo
015 |a SNBRB19rr/mm-uuuuu 
035 |a CL0211487 
040 |a SNKBUCL  |b slo  |c SNKBUCL  |e AACR2 
041 0 |a slo 
044 |a xo  |c SK 
080 |a 631.115.6:061.3  |2 1981 
080 |a 061.3  |2 1981 
100 1 |a Jonáš, Pavol  |4 aut  |9 502383 
245 1 0 |a Všestraným využívaním vedeckotechnického pokroku podporujeme rozvoj efektívnej intenzifikácie poľnohospodárskej veľkovýroby  |b Zo správy o činnosti a ďaších úlohách Zväzu družstevných roľníkov, ktorú predniesol súdruh Pavol Jonáš na 10. celoštátnom zjazde JRD  |c Pavol Jonáš ; Pavel Jonás 
300 |b Obr. 1. 
610 2 7 |a Zväz družstevných roľníkov  |2 snkbucl  |9 220537 
650 0 7 |a družstvá roľnícke  |2 snkbucl  |9 881518 
651 7 |a 3100  |2 snkbucl  |9 920766 
655 7 |a články z novín a časopisov  |2 snkbucl  |9 267496 
700 1 |a Jonás, Pavel  |4 aut  |9 559683 
773 0 |t Pravda  |g Roč. 65, č. 285 (1. 12. 1984), s. 3 
850 |a Slovenská národná knižnica v Martine  |a MTA001 
852 |a SNK  |b KIS3GCP 
958 |a RK 
992 |a RBX 
999 |c 1460913  |d 1462843